| Tag |
First Indicator |
Second Indicator |
Subfields |
| LEADER |
00000cam a2200000Ia 4500 |
| 001 |
in00002118913 |
| 005 |
20151103063549.0 |
| 008 |
950314m19941995msuab b f000 0 eng d |
| 035 |
|
|
|a (OCoLC)ocm32148846
|
| 040 |
|
|
|a WAU
|c WAU
|d OCL
|d TXA
|d UtOrBLW
|
| 043 |
|
|
|a n-us-ga
|a ln-----
|
| 049 |
|
|
|a TXAM
|
| 086 |
0 |
|
|a D 103.24/2:CERC-94-9
|
| 090 |
|
|
|a TC224.G4
|b K73 1994
|
| 100 |
1 |
|
|a Kraus, Nicholas C.
|
| 245 |
1 |
0 |
|a Kings Bay coastal and estuarine physical monitoring and evaluation program :
|b coastal studies : final report /
|c by Nicholas C. Kraus, Laurel T. Gorman, Joan Pope ; prepared for Office of the Chief of Naval Operations.
|
| 264 |
|
1 |
|a Vicksburg, MS :
|b U.S. Army Corp of Engineers, Waterways Experiment Station,
|c [1994-1995]
|
| 300 |
|
|
|a 2 volumes :
|b illustrations, maps ;
|c 28 cm.
|
| 336 |
|
|
|a text
|b txt
|2 rdacontent
|
| 337 |
|
|
|a unmediated
|b n
|2 rdamedia
|
| 338 |
|
|
|a volume
|b nc
|2 rdacarrier
|
| 490 |
1 |
|
|a Technical report ;
|v CERC-94-9
|
| 504 |
|
|
|a Includes bibliographical references (volume 1, pages 269-286).
|
| 505 |
0 |
|
|a v. I. Main text and appendix A -- v. II. Appendices B-G.
|
| 650 |
|
0 |
|a Coast changes
|z Georgia
|z Kings Bay.
|
| 650 |
|
0 |
|a Dredging
|z Georgia
|z Kings Bay
|x Environmental aspects.
|
| 650 |
|
0 |
|a Channels (Hydraulic engineering)
|z Georgia
|z Kings Bay
|x Environmental aspects.
|
| 651 |
|
0 |
|a Kings Bay (Ga.)
|
| 700 |
1 |
|
|a Gorman, Laurel T.
|
| 700 |
1 |
|
|a Pope, Joan.
|
| 710 |
2 |
|
|a U.S. Army Engineer Waterways Experiment Station.
|
| 830 |
|
0 |
|a Technical report (U.S. Army Engineer Waterways Experiment Station) ;
|v CERC-94-9.
|
| 994 |
|
|
|a C0
|b TXA
|
| 999 |
|
|
|a MARS
|
| 999 |
f |
f |
|s 7bbf8952-906d-3fc3-810a-cbf47e0bea67
|i 48463bbb-91d3-3484-91ad-37c7407520dc
|t 0
|
| 952 |
f |
f |
|p normal
|a Texas A&M University
|b College Station
|c Sterling C. Evans Library
|d Evans: US Documents (Annex 5th floor)
|t 0
|e D 103.24/2:CERC-94-9/v.1
|h Superintendent of Documents classification
|i unmediated -- volume
|k v.1
|m A14833943357
|
| 998 |
f |
f |
|a D 103.24/2:CERC-94-9/v.1
|s v.1
|t 0
|l Evans: US Documents (Annex 5th floor)
|